Loading...
| Science - Chemistry | 0 | 10 | 1 | 1 | 95 | 16 | 53.60 | 7 | 7 | 42.08 | 71.84 |
| Science - Physics | 0 | 7 | 0 | 1 | 70 | 33 | 61.57 | 0 | 5 | 25.93 | 41.79 |
| Science - Other | 0 | 7 | 0 | 2 | 70 | 24 | 66.14 | 2 | 4 | 26.15 | 34.72 |
| Social Science | 0 | 7 | 0 | 1 | 70 | 41 | 69.00 | 1 | 4 | 30.89 | 56.25 |
| History - World | 0 | 6 | 0 | 1 | 60 | 19 | 61.83 | 1 | 4 | 22.54 | 32.07 |
| Current Events | 0 | 5 | 0 | 0 | 50 | 14 | 71.20 | 1 | 1 | 34.87 | 66.94 |
| History - American | 0 | 5 | 0 | 2 | 50 | 64 | 92.00 | 0 | 1 | 6.71 | 14.65 |
| History - Other | 0 | 4 | 0 | 3 | 40 | 66 | 97.25 | 0 | 1 | 3.54 | 7.45 |
| Literature - World | 0 | 4 | 0 | 0 | 40 | 67 | 84.00 | 0 | 0 | 9.33 | 11.99 |
| Religion | 0 | 4 | 0 | 1 | 40 | 78 | 103.50 | 0 | 2 | 5.80 | 16.16 |
| Geography | 0 | 3 | 0 | 1 | 30 | 61 | 88.33 | 0 | 1 | 10.31 | 26.62 |
| Science - Biology | 0 | 3 | 0 | 1 | 30 | 59 | 80.00 | 0 | 0 | 5.22 | 10.23 |
| Philosophy | 0 | 3 | 0 | 0 | 30 | 35 | 56.67 | 0 | 2 | 15.06 | 20.83 |
| Popular Culture | 0 | 2 | 0 | 1 | 20 | 93 | 101.50 | 0 | 0 | 3.09 | 4.72 |
| Mythology | 0 | 1 | 0 | 0 | 10 | 77 | 77.00 | 0 | 0 | 3.00 | 2.27 |
| Literature - European | 0 | 1 | 0 | 0 | 10 | 25 | 25.00 | 1 | 1 | 7.08 | 9.09 |
| Literature - British | 0 | 1 | 0 | 0 | 10 | 45 | 45.00 | 1 | 1 | 5.37 | 7.95 |
| Fine Arts - Painting and Sculpture | 0 | 1 | 0 | 0 | 10 | 104 | 104.00 | 0 | 0 | 1.40 | 3.41 |
| Fine Arts - Other | 0 | 1 | 0 | 0 | 10 | 107 | 107.00 | 0 | 0 | 0.85 | 2.27 |
| History - European | 0 | 1 | 2 | 1 | 0 | 102 | 102.00 | 0 | 0 | 0.00 | 1.01 |